000 00778na a2200241 4500
001 15424
003 MIRAKIL
005 20181213154908.0
008 161019b tu 000 0
035 _a15424
040 _aMilas
_btur
_cTR-AnCHP
041 _atur
082 _a324.172
_bS67s 1985
090 _a324.172 S67s 1985
111 _aSosyal Demokrasi Partisi (SODEP)
_cAnkara
_d1985
245 _aSosyal Demokrasi Partisi (SODEP)
_b3.ncü küçük kongresi 10- 11 Ağutos 1985
_cSosyal Demokrasi Partisi
246 _a3.ncü küçük kongresi 10- 11 Ağutos 1985
260 _aAnkara
_b[yay.y.]
_c1985
300 _a194 s.
_c29 sm.
610 _aSosyal Demokrasi Partisi (SODEP)
_xKongreler, 3
650 _aSiyasal partiler
_yKongreler
_zTürkiye
942 _2ddc
_cBKS
999 _c2759
_d2759